| 000 | 00523nam a2200181Ia 4500 | ||
|---|---|---|---|
| 003 | GCL | ||
| 008 | 140319s9999 xx 000 0 ara d | ||
| 040 |
_aGCL / _cGCL |
||
| 082 | 0 | 4 |
_a411.5 _bا ا |
| 100 | 1 | _aابراهيم انيس | |
| 245 | 1 | 0 |
_aالاصوات اللغوية / _cابراهيم انيس |
| 260 |
_a[S.N] : _bمكتبة الانجلوالمصرية ، _c1990 |
||
| 300 | _a278 ص | ||
| 490 | _a | ||
| 650 | 0 | 4 | _aالاصوات اللغوية |
| 650 | 0 | 4 | _aاللغة العربية |
| 942 |
_2ddc _cBK |
||
| 999 |
_c31765 _d31765 |
||